[Event "CYCC U10"]
[Site "Vancouver CAN"]
[Date "2012.07.03"]
[Round "1"]
[White "Reny, Alex"]
[Black "Luan, Zhen Shu"]
[Result "1-0"]
[WhiteElo "977"]
[BlackElo "959"]
[PlyCount "71"]
[GameId "2160767909508474"]
[EventDate "2012.07.03"]
[EventType "swiss"]
[EventRounds "7"]
[EventCountry "CAN"]
[SourceTitle "hb 2012"]

1. e4 e5 2. Nf3 Nc6 3. Bb5 Bd6 4. d4 exd4 5. Nxd4 Nxd4 6. Qxd4 a6 7. Ba4 Nf6 8. e5 Qe7 9. Bf4 c5 10. Qxd6 Qxd6 11. exd6 O-O 12. O-O Re8 13. c3 Re4 14. Bxd7 Rxf4 15. Bxc8 Rxc8 16. Na3 Rd8 17. Rad1 Ne4 18. Nc4 Nxf2 19. Rxf2 Rxc4 20. Re2 h6 21. Red2 Re4 22. Rd5 b6 23. d7 Kf8 24. Kf2 Ke7 25. Kf3 Re6 26. Kf4 g5+ 27. Kf3 Rf6+ 28. Kg3 Ke6 29. Rd6+ Kf5 30. Rf1+ Ke5 31. Rfxf6 Rxd7 32. Rxd7 Kxf6 33. Rd6+ Ke7 34. Rxh6 f6 35. Rh7+ Kd6 36. Kg4 1-0

[Event "CYCC U10"]
[Site "Vancouver CAN"]
[Date "2012.07.03"]
[Round "1"]
[White "Smith, Alexei"]
[Black "Ju, Lawrence"]
[Result "0-1"]
[WhiteElo "502"]
[BlackElo "1108"]
[PlyCount "60"]
[GameId "2160767909508475"]
[EventDate "2012.07.03"]
[EventType "swiss"]
[EventRounds "7"]
[EventCountry "CAN"]
[SourceTitle "EXT 2022"]
[Source "ChessBase"]
[SourceDate "2021.10.06"]
[SourceVersion "1"]
[SourceVersionDate "2021.10.06"]
[SourceQuality "1"]

1. e4 e5 2. Nf3 Nc6 3. Nc3 Bc5 4. Bc4 Nf6 5. d3 d6 6. Bg5 Bd7 7. O-O Nd4 8. Nd5 c6 9. Ne3 h6 10. Bh4 Nxf3+ 11. Qxf3 g5 12. Bg3 g4 13. Qe2 h5 14. f3 Qb6 15. Bf2 O-O-O 16. Rfd1 Rdg8 17. Rab1 h4 18. c3 g3 19. Be1 Bxe3+ 20. Kh1 gxh2 21. d4 exd4 22. cxd4 Bxd4 23. Rd2 h3 24. Rbd1 hxg2+ 25. Qxg2 Rxg2 26. Rxg2 Bh3 27. Rxh2 Bg1 28. Rhd2 Bf1+ 29. Bh4 Rxh4+ 30. Rh2 Rxh2# 0-1

[Event "CYCC U10"]
[Site "Vancouver CAN"]
[Date "2012.07.03"]
[Round "1"]
[White "Smyth, Ryan"]
[Black "Tang, Qiwen"]
[Result "1-0"]
[WhiteElo "1110"]
[BlackElo "474"]
[PlyCount "105"]
[GameId "2160767909508476"]
[EventDate "2012.07.03"]
[EventType "swiss"]
[EventRounds "7"]
[EventCountry "CAN"]
[SourceTitle "hb 2012"]

1. e4 e5 2. d4 Bb4+ 3. Bd2 Nc6 4. Bxb4 Nxb4 5. dxe5 d6 6. Nf3 Bg4 7. Be2 Qe7 8. O-O dxe5 9. Nc3 Nf6 10. Qc1 O-O-O 11. Qe3 Nxc2 12. Qxa7 Nxa1 13. Bb5 c6 14. Bxc6 Qc7 15. Nxe5 Rd2 16. Qa8+ Qb8 17. Qxb8+ Kxb8 18. Bb5 Rhd8 19. Rxa1 Rxb2 20. Nxf7 Rd4 21. h3 Be2 22. Nxe2 Rbd2 23. Nxd4 Rxd4 24. Ng5 Nxe4 25. Nxe4 Rxe4 26. Bd3 Rd4 27. Bxh7 g5 28. Bc2 Rc4 29. Bd1 b5 30. Rb1 b4 31. Be2 Rd4 32. a3 Kc7 33. Rxb4 Rd2 34. Rc4+ Kd6 35. Bf3 Ra2 36. Rd4+ Ke5 37. Rd5+ Kf6 38. g4 Rxa3 39. Be4 Rxh3 40. Kg2 Rh4 41. Kg3 Rh6 42. Rd6+ Kg7 43. Rxh6 Kxh6 44. f4 gxf4+ 45. Kxf4 Kg7 46. g5 Kf7 47. g6+ Kg7 48. Kf5 Kg8 49. Kf6 Kh8 50. g7+ Kg8 51. Bd5+ Kh7 52. g8=Q+ Kh6 53. Qg6# 1-0

[Event "CYCC U10"]
[Site "Vancouver CAN"]
[Date "2012.07.03"]
[Round "1"]
[White "Su, Michael"]
[Black "Zhou, Felix"]
[Result "1-0"]
[WhiteElo "1468"]
[BlackElo "671"]
[PlyCount "63"]
[GameId "2160767909508477"]
[EventDate "2012.07.03"]
[EventType "swiss"]
[EventRounds "7"]
[EventCountry "CAN"]
[SourceTitle "hb 2012"]

1. e4 c5 2. Nc3 Nc6 3. g3 e6 4. Bg2 Nf6 5. d3 d5 6. f4 Be7 7. e5 d4 8. exf6 Bxf6 9. Ne4 Be7 10. Nf3 Qa5+ 11. Bd2 Qa4 12. O-O f5 13. Nf2 O-O 14. Re1 Nb4 15. Bxb4 Qxb4 16. Qc1 Bd7 17. Ne5 Ba4 18. a3 Qa5 19. Bxb7 Rab8 20. Bg2 Rfd8 21. b3 Bxb3 22. cxb3 Rd6 23. Nc4 Qa6 24. Nxd6 Bxd6 25. Qc4 Qa5 26. Qxe6+ Kh8 27. Qe8+ Bf8 28. Qxb8 h6 29. Qxf8+ Kh7 30. Qxf5+ g6 31. Qf7+ Kh8 32. Re8# 1-0

[Event "CYCC U10"]
[Site "Vancouver CAN"]
[Date "2012.07.03"]
[Round "1"]
[White "Surya, Benito"]
[Black "Cardinal, Anthony"]
[Result "1-0"]
[WhiteElo "892"]
[BlackElo "240"]
[PlyCount "51"]
[GameId "2160767909508478"]
[EventDate "2012.07.03"]
[EventType "swiss"]
[EventRounds "7"]
[EventCountry "CAN"]
[SourceTitle "hb 2012"]

1. d4 d5 2. Nf3 Nc6 3. Bf4 Bf5 4. c3 Nf6 5. Nbd2 Qd7 6. e3 Kd8 7. Ng5 Rb8 8. Nxf7+ Ke8 9. Nxh8 Bg4 10. f3 Bf5 11. g4 g5 12. Bxg5 Qd6 13. gxf5 h6 14. Bf4 Qd8 15. Ng6 Bg7 16. Rg1 Nh5 17. Ne5 Na5 18. Qa4+ c6 19. Nb3 b5 20. Qb4 Nb7 21. Nxc6 Qc8 22. Nxb8 Qxb8 23. Bxb8 a5 24. Qxb5+ Kd8 25. Qxb7 Bf6 26. Rg8# 1-0

[Event "CYCC U10"]
[Site "Vancouver CAN"]
[Date "2012.07.03"]
[Round "1"]
[White "Taylor, Ashton"]
[Black "Yie, Kevin Yi Xiao"]
[Result "0-1"]
[WhiteElo "806"]
[BlackElo "1670"]
[PlyCount "106"]
[GameId "2160767909508479"]
[EventDate "2012.07.03"]
[EventType "swiss"]
[EventRounds "7"]
[EventCountry "CAN"]
[SourceTitle "EXT 2022"]
[Source "ChessBase"]
[SourceDate "2021.10.06"]
[SourceVersion "1"]
[SourceVersionDate "2021.10.06"]
[SourceQuality "1"]

1. c4 c5 2. g3 Nf6 3. Bg2 g6 4. Nf3 Bg7 5. Nc3 Nc6 6. O-O d6 7. h3 O-O 8. e3 Be6 9. d3 h6 10. Qc2 Qc8 11. Kh2 Bf5 12. a3 Nd7 13. Bd2 Nde5 14. Nxe5 Nxe5 15. Ne4 h5 16. Qb3 Rb8 17. f4 Nc6 18. Ng5 Be6 19. Bd5 Bxd5 20. cxd5 Nd8 21. Bc3 f6 22. Nf3 Nf7 23. Nh4 Nh8 24. d4 b5 25. Qc2 cxd4 26. exd4 f5 27. Rfe1 Bf6 28. Nf3 a5 29. b4 axb4 30. axb4 Rb7 31. Rac1 Rc7 32. Qd2 Nf7 33. Qe3 Kh7 34. Bb2 Rc2+ 35. Rxc2 Qxc2+ 36. Re2 Qc4 37. Ng5+ Kg8 38. Ne6 Rc8 39. Ng5 Qxd5 40. Qe6 Qxe6 41. Nxe6 Rc4 42. Ba3 Rc8 43. d5 Ra8 44. Re3 Nd8 45. Nc7 Rb8 46. Ne8 Kf7 47. Nxf6 Kxf6 48. Bb2+ Kf7 49. Rc3 Ra8 50. Ba3 e6 51. dxe6+ Kxe6 52. h4 Kd5 53. Bc1 Nc6 0-1

[Event "CYCC U10"]
[Site "Vancouver CAN"]
[Date "2012.07.03"]
[Round "1"]
[White "Wang, Tim"]
[Black "Chertkow, Matthew"]
[Result "0-1"]
[WhiteElo "768"]
[BlackElo "868"]
[PlyCount "60"]
[GameId "2160767909508480"]
[EventDate "2012.07.03"]
[EventType "swiss"]
[EventRounds "7"]
[EventCountry "CAN"]
[SourceTitle "hb 2012"]

1. e4 e5 2. Bc4 Nc6 3. Qf3 Nf6 4. Ne2 d6 5. Nbc3 Bg4 6. Qd3 Nb4 7. Qe3 Nxc2+ 8. Kd1 Nxe3+ 9. fxe3 Bxe2+ 10. Kxe2 Qe7 11. Nd5 Nxd5 12. Bxd5 O-O-O 13. a4 Qg5 14. Rg1 Qh5+ 15. Ke1 Be7 16. Ra3 Qxh2 17. Kf1 Bh4 18. Rb3 c6 19. Bxf7 Qg3 20. Be6+ Kb8 21. Ke2 Qf2+ 22. Kd1 Qxg1+ 23. Kc2 d5 24. d4 dxe4 25. a5 exd4 26. exd4 Rxd4 27. Be3 Qd1+ 28. Kc3 Rd3+ 29. Kc4 Qxb3+ 30. Kc5 Be7# 0-1

[Event "CYCC U10"]
[Site "Vancouver CAN"]
[Date "2012.07.03"]
[Round "1"]
[White "Zhao, Yue Tong (Davy)"]
[Black "Low, Ethan"]
[Result "1-0"]
[WhiteElo "1789"]
[BlackElo "843"]
[PlyCount "87"]
[GameId "2160767909508481"]
[EventDate "2012.07.03"]
[EventType "swiss"]
[EventRounds "7"]
[EventCountry "CAN"]
[SourceTitle "hb 2012"]

1. e4 c5 2. Nf3 e6 3. d4 cxd4 4. Nxd4 a6 5. a4 Qc7 6. Be3 Nf6 7. Bd3 b6 8. O-O Bb7 9. Nd2 Be7 10. f4 d6 11. f5 e5 12. Ne2 Nbd7 13. Ng3 Nc5 14. b4 Nxd3 15. cxd3 O-O 16. Rc1 Qd7 17. Bxb6 Rac8 18. Qb3 Rc6 19. Nc4 Rfc8 20. b5 axb5 21. axb5 Rxc4 22. Rxc4 Rxc4 23. Qxc4 d5 24. Qa4 d4 25. Rc1 Bd6 26. Qc4 Ng4 27. Nf1 g6 28. fxg6 hxg6 29. Bc5 Bxc5 30. Qxc5 Qe6 31. Qc7 Qf6 32. Qxb7 Qf2+ 33. Kh1 Ne3 34. Nxe3 dxe3 35. Qc8+ Kg7 36. Qc5 Qd2 37. Rg1 e2 38. Qxe5+ Kh7 39. Qg3 Kg7 40. b6 Qb2 41. Qe3 Qf6 42. b7 Qd8 43. Qxe2 Qb8 44. Qb2+ 1-0

[Event "CYCC U10"]
[Site "Vancouver CAN"]
[Date "2012.07.03"]
[Round "2"]
[White "Butchart, Brian"]
[Black "Hua, Eugene"]
[Result "0-1"]
[WhiteElo "649"]
[BlackElo "810"]
[PlyCount "154"]
[GameId "2160767909508482"]
[EventDate "2012.07.03"]
[EventType "swiss"]
[EventRounds "7"]
[EventCountry "CAN"]
[SourceTitle "hb 2012"]

1. d4 Nf6 2. Nf3 d5 3. e3 Bg4 4. Be2 e6 5. h3 Bh5 6. Ne5 Bxe2 7. Qxe2 Nfd7 8. f4 Nxe5 9. dxe5 Qh4+ 10. Qf2 Qxf2+ 11. Kxf2 Nc6 12. Nc3 O-O-O 13. Bd2 Be7 14. Rad1 f6 15. exf6 Bxf6 16. b3 d4 17. exd4 Bxd4+ 18. Kf3 Rd7 19. Ne4 h6 20. Be3 Rhd8 21. Bxd4 Nxd4+ 22. Ke3 Nf5+ 23. Ke2 Rd4 24. Rxd4 Rxd4 25. Kf3 Rxe4 26. Kxe4 Ng3+ 27. Kf3 Nxh1 28. g4 Kd7 29. Kg2 e5 30. fxe5 Ke6 31. Kxh1 Kxe5 32. Kg2 Kf4 33. Kf2 g5 34. a4 a6 35. c4 Ke4 36. Ke2 c6 37. c5 Kd4 38. b4 Kc4 39. Ke3 Kxb4 40. Ke4 Kxc5 41. Kf5 Kb4 42. Kg6 c5 43. Kxh6 c4 44. Kxg5 c3 45. h4 c2 46. h5 c1=Q+ 47. Kg6 Kxa4 48. h6 b5 49. h7 Qb2 50. Kf7 b4 51. Kg8 b3 52. h8=Q Qxh8+ 53. Kxh8 b2 54. g5 b1=Q 55. g6 Qg1 56. g7 Qxg7+ 57. Kxg7 Kb4 58. Kf6 a5 59. Ke5 a4 60. Kd4 a3 61. Kd3 a2 62. Kc2 a1=Q 63. Kd3 Qc3+ 64. Ke4 Qc5 65. Kf4 Qd5 66. Ke3 Qc4 67. Kd2 Qb3 68. Ke2 Qc3 69. Kf2 Qd3 70. Kg2 Qe3 71. Kh2 Qf3 72. Kg1 Qe2 73. Kh1 Kc4 74. Kg1 Kd3 75. Kh1 Ke3 76. Kg1 Kf3 77. Kh1 Qg2# 0-1

[Event "CYCC U10"]
[Site "Vancouver CAN"]
[Date "2012.07.03"]
[Round "2"]
[White "Cardinal, Anthony"]
[Black "Fox, Dylan"]
[Result "0-1"]
[WhiteElo "240"]
[BlackElo "579"]
[PlyCount "50"]
[GameId "2160767909508483"]
[EventDate "2012.07.03"]
[EventType "swiss"]
[EventRounds "7"]
[EventCountry "CAN"]
[SourceTitle "hb 2012"]

1. e4 e5 2. Nf3 Nf6 3. Bc4 Nxe4 4. Nxe5 Qe7 5. Bxf7+ Kd8 6. O-O Qf6 7. d3 Ng5 8. Be3 Nxf7 9. Nxf7+ Qxf7 10. Nc3 b6 11. b4 Bb7 12. b5 Qg6 13. Qf3 Bxf3 14. g3 Bb7 15. f4 a6 16. Rf2 axb5 17. Nxb5 Bc6 18. f5 Qf6 19. Bd4 Qe7 20. Raf1 Bxb5 21. Re1 Rxa2 22. Rxe7 Bxe7 23. Bxg7 Rg8 24. Be5 Rxc2 25. f6 Bxd3 0-1

[Event "CYCC U10"]
[Site "Vancouver CAN"]
[Date "2012.07.03"]
[Round "2"]
[White "Chen, Philip X"]
[Black "Surya, Benito"]
[Result "1-0"]
[WhiteElo "1217"]
[BlackElo "892"]
[PlyCount "109"]
[GameId "2160767909508484"]
[EventDate "2012.07.03"]
[EventType "swiss"]
[EventRounds "7"]
[EventCountry "CAN"]
[SourceTitle "EXT 2022"]
[Source "ChessBase"]
[SourceDate "2021.10.06"]
[SourceVersion "1"]
[SourceVersionDate "2021.10.06"]
[SourceQuality "1"]

1. e4 e5 2. Nf3 Nc6 3. Bb5 a6 4. Ba4 Bc5 5. O-O Nge7 6. c3 d5 7. Nxe5 b5 8. Nxc6 Nxc6 9. Bb3 dxe4 10. Re1 Qh4 11. Re2 Bd6 12. h3 Qf4 13. g3 Qf3 14. Bd5 Bxh3 15. Rxe4+ Qxe4 16. Bxe4 Kd7 17. Qf3 Ne5 18. Qe2 Rae8 19. Qd1 Bg4 20. f3 Bh5 21. Bf5+ Kd8 22. g4 Bg6 23. f4 Nd7 24. Bxd7 Kxd7 25. f5 Bg3 26. Qf3 Bh4 27. Qd5+ Kc8 28. Kg2 Re2+ 29. Kg1 Re1+ 30. Kg2 Re2+ 31. Kh3 Rd8 32. Qa8+ Kd7 33. Qxa6 f6 34. Qxb5+ c6 35. Qxe2 Re8 36. Qd3+ Kc7 37. fxg6 Bg5 38. gxh7 Rh8 39. Qg3+ Kd7 40. Qd3+ Ke7 41. Qg6 Rf8 42. Qxg7+ Kd6 43. Qxf8+ Ke5 44. h8=Q Bh6 45. Qc5+ Ke4 46. Qh7+ Kf3 47. Qe3+ Bxe3 48. Qd3 Kf2 49. Qxe3+ Kf1 50. Qf3+ Ke1 51. Qg2 f5 52. gxf5 Kd1 53. f6 c5 54. f7 Kxc1 55. Na3+ 1-0

[Event "CYCC U10"]
[Site "Vancouver CAN"]
[Date "2012.07.03"]
[Round "2"]
[White "Chertkow, Matthew"]
[Black "Ming, Wenyang"]
[Result "0-1"]
[WhiteElo "868"]
[BlackElo "1248"]
[PlyCount "76"]
[GameId "2160767909508485"]
[EventDate "2012.07.03"]
[EventType "swiss"]
[EventRounds "7"]
[EventCountry "CAN"]
[SourceTitle "EXT 2022"]
[Source "ChessBase"]
[SourceDate "2021.10.06"]
[SourceVersion "1"]
[SourceVersionDate "2021.10.06"]
[SourceQuality "1"]

1. e4 c5 2. Nf3 Nc6 3. Bc4 a6 4. Ng5 e6 5. d3 b5 6. Bf4 bxc4 7. h4 h6 8. Nf3 cxd3 9. Qxd3 d5 10. e5 Nge7 11. Nc3 Nb4 12. Qd2 Ng6 13. g3 Bb7 14. a3 Nxf4 15. axb4 cxb4 16. Qxf4 bxc3 17. bxc3 Qc7 18. O-O Qc6 19. Nd4 Qxc3 20. Rfb1 Qc7 21. c3 Bc5 22. Kh2 O-O 23. Rb2 Bxd4 24. Qxd4 Rfb8 25. Rab1 Bc8 26. Rxb8 Rxb8 27. Rxb8 Qxb8 28. Qa4 Qb5 29. Qg4 Qc4 30. Qf3 Qe4 31. Qd1 Bb7 32. f3 Qe3 33. f4 d4 34. cxd4 Qf2+ 35. Kh3 Bg2+ 36. Kg4 h5+ 37. Kg5 Qxg3+ 38. Kxh5 Qg6# 0-1

[Event "CYCC U10"]
[Site "Vancouver CAN"]
[Date "2012.07.03"]
[Round "2"]
[White "Gaisinsky, Adam"]
[Black "Guo, Thomas"]
[Result "0-1"]
[WhiteElo "904"]
[BlackElo "1334"]
[PlyCount "92"]
[GameId "2160767909508486"]
[EventDate "2012.07.03"]
[EventType "swiss"]
[EventRounds "7"]
[EventCountry "CAN"]
[SourceTitle "hb 2012"]

1. e4 e5 2. Nf3 Nc6 3. Bb5 Nf6 4. O-O Bc5 5. Nc3 d6 6. h3 O-O 7. d3 Be6 8. Bg5 a6 9. Bxc6 bxc6 10. d4 exd4 11. Nxd4 Bxd4 12. Qxd4 c5 13. Qe3 h6 14. Bh4 g5 15. Bg3 Qe7 16. e5 Nh7 17. exd6 cxd6 18. Nd5 Qb7 19. Nc3 Qxb2 20. Bxd6 Rfe8 21. Qxc5 Rac8 22. Na4 Rxc5 23. Nxb2 Rxc2 24. Nd3 Rxa2 25. Rxa2 Bxa2 26. Nb4 Bb3 27. Nxa6 Bc4 28. Ra1 Re6 29. Nc5 Rxd6 30. Ra8+ Kg7 31. Ne4 Rd1+ 32. Kh2 Bd5 33. Rd8 Bb3 34. Rxd1 Bxd1 35. g4 Nf6 36. Nxf6 Kxf6 37. Kg3 Ke5 38. h4 gxh4+ 39. Kxh4 Kf4 40. Kh5 Bxg4+ 41. Kxh6 Kf3 42. Kg5 f5 43. Kh4 Kxf2 44. Kg5 Kg3 45. Kf6 f4 46. Ke5 f3 0-1

[Event "CYCC U10"]
[Site "Vancouver CAN"]
[Date "2012.07.03"]
[Round "2"]
[White "Ghodsi, Soroush"]
[Black "Su, Michael"]
[Result "0-1"]
[WhiteElo "960"]
[BlackElo "1468"]
[PlyCount "98"]
[GameId "2160767909508487"]
[EventDate "2012.07.03"]
[EventType "swiss"]
[EventRounds "7"]
[EventCountry "CAN"]
[SourceTitle "hb 2012"]

1. d4 e6 2. e4 d5 3. e5 c5 4. c3 Nc6 5. f4 cxd4 6. cxd4 f5 7. Bb5 Bd7 8. Nc3 Nge7 9. Nf3 Nc8 10. O-O Nb6 11. b3 a5 12. Bb2 Nb4 13. Ng5 Qe7 14. Bxd7+ Qxd7 15. Qh5+ g6 16. Qh4 Nc2 17. Rac1 Nxd4 18. Rfd1 Nc6 19. Qf2 Ra6 20. a3 h6 21. Qh4 Rg8 22. Nf3 Qe7 23. Qxe7+ Bxe7 24. Nb5 Kd7 25. Bc3 Na7 26. Nfd4 Nxb5 27. Nxb5 Rc8 28. Rd2 Bc5+ 29. Kf1 Be3 30. Rdc2 Bxc1 31. Rxc1 a4 32. b4 Nc4 33. Kf2 Rb6 34. Nd4 Nxa3 35. Ke2 Nb5 36. Nxb5 Rxb5 37. Kd2 d4 38. Bxd4 Rxc1 39. Kxc1 Rxb4 40. Bc3 Rc4 41. Kc2 a3 42. Kb3 Rxc3+ 43. Kxc3 b5 44. Kb3 Kc6 45. h3 h5 46. h4 Kc5 47. Ka2 Kc4 48. Ka1 b4 49. Kb1 b3 0-1

[Event "CYCC U10"]
[Site "Vancouver CAN"]
[Date "2012.07.03"]
[Round "2"]
[White "Ju, Lawrence"]
[Black "Doknjas, Joshua"]
[Result "0-1"]
[WhiteElo "1108"]
[BlackElo "1628"]
[PlyCount "54"]
[GameId "2160767909508488"]
[EventDate "2012.07.03"]
[EventType "swiss"]
[EventRounds "7"]
[EventCountry "CAN"]
[SourceTitle "hb 2012"]

1. d4 d5 2. c4 dxc4 3. Nc3 e5 4. dxe5 Qxd1+ 5. Kxd1 Nc6 6. e4 Bg4+ 7. f3 O-O-O+ 8. Bd2 Be6 9. f4 g6 10. Nf3 Bh6 11. g3 Bg4 12. Be2 Bxf3 13. Bxf3 Nxe5 14. Nd5 Nxf3 15. Bc3 c6 16. Bxh8 cxd5 17. e5 Nd4 18. b3 b5 19. Rc1 Kb7 20. bxc4 dxc4 21. Rc3 Ne6+ 22. Ke2 Bg7 23. Bxg7 Nxg7 24. a4 a6 25. axb5 axb5 26. Ra1 Ne7 27. Rca3 Nc6 0-1

[Event "CYCC U10"]
[Site "Vancouver CAN"]
[Date "2012.07.03"]
[Round "2"]
[White "Low, Ethan"]
[Black "Jiang, Jerry"]
[Result "1-0"]
[WhiteElo "843"]
[BlackElo "416"]
[PlyCount "39"]
[GameId "2160767909508489"]
[EventDate "2012.07.03"]
[EventType "swiss"]
[EventRounds "7"]
[EventCountry "CAN"]
[SourceTitle "hb 2012"]

1. d4 d5 2. Bf4 Nc6 3. e3 e6 4. Nf3 Bd6 5. Bg3 Nf6 6. Bd3 O-O 7. c3 Bd7 8. Qc2 Re8 9. Ne5 Nxe5 10. dxe5 Bxe5 11. Bxe5 Ng4 12. Bd4 e5 13. Bc5 b6 14. Ba3 Nf6 15. h4 g6 16. Be2 a6 17. h5 gxh5 18. Bxh5 Nxh5 19. Rxh5 Kh8 20. Qxh7# 1-0

[Event "CYCC U10"]
[Site "Vancouver CAN"]
[Date "2012.07.03"]
[Round "2"]
[White "Luan, Zhen Shu"]
[Black "Novakovic, David"]
[Result "1-0"]
[WhiteElo "959"]
[BlackElo "767"]
[PlyCount "47"]
[GameId "2160767909508490"]
[EventDate "2012.07.03"]
[EventType "swiss"]
[EventRounds "7"]
[EventCountry "CAN"]
[SourceTitle "hb 2012"]

1. e4 e5 2. d4 Nc6 3. Nf3 d6 4. d5 Nce7 5. Nc3 c6 6. Bd3 cxd5 7. exd5 Qa5 8. O-O Nxd5 9. Bb5+ Bd7 10. Bxd7+ Kxd7 11. Nxd5 Qxd5 12. Qxd5 Rc8 13. Nxe5+ Ke8 14. Re1 Be7 15. Qxf7+ Kd8 16. Nc6+ Rxc6 17. Qxg7 Bf6 18. Bg5 Rxc2 19. Qxh8 Bxg5 20. Qxg8+ Kc7 21. Qxg5 Rc5 22. Rac1 Kd7 23. Qe7+ Kc6 24. h3 1-0

[Event "CYCC U10"]
[Site "Vancouver CAN"]
[Date "2012.07.03"]
[Round "2"]
[White "Madokoro, Aidan"]
[Black "Smith, Alexei"]
[Result "1-0"]
[WhiteElo "788"]
[BlackElo "502"]
[PlyCount "61"]
[GameId "2160767909508491"]
[EventDate "2012.07.03"]
[EventType "swiss"]
[EventRounds "7"]
[EventCountry "CAN"]
[SourceTitle "EXT 2022"]
[Source "ChessBase"]
[SourceDate "2021.10.06"]
[SourceVersion "1"]
[SourceVersionDate "2021.10.06"]
[SourceQuality "1"]

1. d4 d5 2. Bf4 Nc6 3. Nf3 Nf6 4. e3 Bf5 5. Be2 e6 6. Nbd2 Bb4 7. c3 Be7 8. O-O Ne4 9. Nxe4 dxe4 10. Ne5 Nxe5 11. Bxe5 O-O 12. Bg4 Bxg4 13. Qxg4 g6 14. Qxe4 Rb8 15. Qf4 g5 16. Qg3 f6 17. Bxc7 Qc8 18. Bxb8 Qxb8 19. Qxb8 Rxb8 20. Rad1 Rc8 21. e4 Rd8 22. e5 fxe5 23. dxe5 Rxd1 24. Rxd1 a6 25. Rd7 Bc5 26. Rxb7 h6 27. b4 Bf8 28. c4 Bg7 29. Rb6 Bxe5 30. Rxe6 h5 31. Rxe5 1-0

[Event "CYCC U10"]
[Site "Vancouver CAN"]
[Date "2012.07.03"]
[Round "2"]
[White "Pulfer, Luke"]
[Black "Smyth, Ryan"]
[Result "1-0"]
[WhiteElo "1667"]
[BlackElo "1110"]
[PlyCount "55"]
[GameId "2160767909508492"]
[EventDate "2012.07.03"]
[EventType "swiss"]
[EventRounds "7"]
[EventCountry "CAN"]
[SourceTitle "hb 2012"]

1. d4 Nf6 2. c4 e6 3. Nc3 Bb4 4. e3 Ne4 5. Qc2 O-O 6. Qxe4 Nc6 7. Nf3 b6 8. Be2 Bb7 9. Qc2 Qe7 10. O-O Bd6 11. h3 Qf6 12. d5 Qh6 13. dxc6 Bxc6 14. e4 Qg6 15. Kh1 Be7 16. b3 Bf6 17. Bd3 Qh5 18. Nh2 Be5 19. Be3 Bxh2 20. Kxh2 Qe5+ 21. f4 Qf6 22. Rf3 Qh4 23. Rg3 d5 24. e5 dxc4 25. Bxc4 Rad8 26. Rg4 Qe7 27. Ne4 f5 28. exf6 1-0

[Event "CYCC U10"]
[Site "Vancouver CAN"]
[Date "2012.07.03"]
[Round "2"]
[White "Rodzik, Cameron"]
[Black "Wang, Tim"]
[Result "0-1"]
[WhiteElo "593"]
[BlackElo "768"]
[PlyCount "27"]
[GameId "2160767909508493"]
[EventDate "2012.07.03"]
[EventType "swiss"]
[EventRounds "7"]
[EventCountry "CAN"]
[SourceTitle "hb 2012"]

1. e4 c5 2. Nf3 Nc6 3. Bb5 e6 4. Nc3 a6 5. Ba4 d5 6. d3 Nf6 7. Bg5 Bd7 8. Nxd5 exd5 9. Bxf6 Qxf6 10. Ne5 Nd4 11. Qe2 O-O-O 12. Nxd7 Rxd7 13. Bxd7+ Kxd7 14. Qg4+ 0-1

[Event "CYCC U10"]
[Site "Vancouver CAN"]
[Date "2012.07.03"]
[Round "2"]
[White "Talukdar, Rohan"]
[Black "Jing, Ryan"]
[Result "1-0"]
[WhiteElo "1254"]
[BlackElo "913"]
[PlyCount "51"]
[GameId "2160767909508494"]
[EventDate "2012.07.03"]
[EventType "swiss"]
[EventRounds "7"]
[EventCountry "CAN"]
[SourceTitle "EXT 2022"]
[Source "ChessBase"]
[SourceDate "2021.10.06"]
[SourceVersion "1"]
[SourceVersionDate "2021.10.06"]
[SourceQuality "1"]

1. d4 d5 2. c4 e6 3. Nc3 Nf6 4. Bg5 Bb4 5. e3 Nc6 6. Nf3 Bd7 7. a3 Ba5 8. b4 Bb6 9. c5 Bxc5 10. bxc5 Qe7 11. Rb1 Na5 12. Be2 h6 13. Bf4 c6 14. Qa4 Nc4 15. Bxc4 dxc4 16. Qxc4 b6 17. Bd6 Qd8 18. O-O Ne4 19. Be5 f6 20. Bg3 Nxg3 21. hxg3 b5 22. Qd3 Qc7 23. Qg6+ Kf8 24. Ne4 f5 25. Nd6 a6 26. Qf7# 1-0

[Event "CYCC U10"]
[Site "Vancouver CAN"]
[Date "2012.07.03"]
[Round "2"]
[White "Tang, Qiwen"]
[Black "Chung, Alec"]
[Result "0-1"]
[WhiteElo "474"]
[BlackElo "663"]
[PlyCount "44"]
[GameId "2160767909508495"]
[EventDate "2012.07.03"]
[EventType "swiss"]
[EventRounds "7"]
[EventCountry "CAN"]
[SourceTitle "hb 2012"]

1. e4 c5 2. d4 cxd4 3. Qxd4 Nc6 4. Qc5 e6 5. Qb5 a6 6. Qd3 Nf6 7. f3 Ne5 8. Qd4 Nc6 9. Qe3 Be7 10. Bd2 O-O 11. Nc3 d5 12. O-O-O d4 13. Qf4 e5 14. Qg3 dxc3 15. Bxc3 Qc7 16. Ne2 Be6 17. Bd2 g6 18. Nc3 Nd4 19. Kb1 Qb6 20. Na4 Qc6 21. Rc1 Qxa4 22. Qe1 Qxa2# 0-1

[Event "CYCC U10"]
[Site "Vancouver CAN"]
[Date "2012.07.03"]
[Round "2"]
[White "Thomson, Noah"]
[Black "Rapin, Oliver"]
[Result "1-0"]
[WhiteElo "622"]
[BlackElo "641"]
[PlyCount "86"]
[GameId "2160767909508496"]
[EventDate "2012.07.03"]
[EventType "swiss"]
[EventRounds "7"]
[EventCountry "CAN"]
[SourceTitle "EXT 2022"]
[Source "ChessBase"]
[SourceDate "2021.10.06"]
[SourceVersion "1"]
[SourceVersionDate "2021.10.06"]
[SourceQuality "1"]

1. h3 d5 2. f4 e6 3. Kf2 Bc5+ 4. e3 Bd7 5. d4 a6 6. dxc5 Bb5 7. Nd2 Qh4+ 8. Kf3 Qg3+ 9. Kxg3 Nh6 10. Bxb5+ axb5 11. e4 dxe4 12. Nxe4 Nf5+ 13. Kg4 h5+ 14. Kf3 Nc6 15. Ne2 Rd8 16. Bd2 Ncd4+ 17. Nxd4 Rxd4 18. h4 Rd8 19. Qf1 Nd4+ 20. Kf2 Nf5 21. Qxb5+ c6 22. Qxb7 Ne7 23. f5 exf5 24. Bg5 f6 25. Nxf6+ gxf6 26. Bxf6 Rd7 27. Qc8+ Nxc8 28. Bxh8 Rd2+ 29. Ke3 Rxc2 30. Kf4 Ne7 31. Rhe1 Rxb2 32. a4 Kd8 33. Bxb2 Ng6+ 34. Kg5 Ne7 35. Kxh5 Nc8 36. Rad1+ Kc7 37. Be5+ Kb7 38. Re2 Ka7 39. Re3 Ka8 40. Rd7 Na7 41. Rb3 Nc8 42. Rd8 Ka7 43. Rxc8 Ka6 1-0

[Event "CYCC U10"]
[Site "Vancouver CAN"]
[Date "2012.07.03"]
[Round "2"]
[White "Tolentino, Patrick Angelo"]
[Black "Zhao, Yue Tong (Davy)"]
[Result "0-1"]
[WhiteElo "1112"]
[BlackElo "1789"]
[PlyCount "66"]
[GameId "2160767909508497"]
[EventDate "2012.07.03"]
[EventType "swiss"]
[EventRounds "7"]
[EventCountry "CAN"]
[SourceTitle "hb 2012"]

1. e4 c5 2. Nf3 Nc6 3. d4 cxd4 4. Nxd4 Nf6 5. Nc3 e5 6. Ndb5 d6 7. Bg5 a6 8. Bxf6 gxf6 9. Na3 b5 10. Nd5 Bg7 11. Be2 O-O 12. Qd2 f5 13. Bd3 fxe4 14. Bxe4 f5 15. Bf3 e4 16. Be2 Bxb2 17. Rb1 Bxa3 18. Rb3 Bc5 19. Rg3+ Kh8 20. Qc3+ Nd4 21. Qd2 f4 22. Nxf4 Nxe2 23. Ng6+ Kg7 24. Nxf8+ Nxg3 25. fxg3 e3 26. Qd5 Bb4+ 27. Ke2 Bg4+ 28. Kxe3 Qe7+ 29. Kd4 Qf6+ 30. Ke3 Re8+ 31. Ne6+ Rxe6+ 32. Qxe6 Qxe6+ 33. Kf4 Bd2# 0-1